La democracia incompleta : el futuro de la democracia postliberal /
Shranjeno v:
| Glavni avtor: | |
|---|---|
| Format: | Elektronski eKnjiga |
| Jezik: | španščina |
| Izdano: |
Madrid :
Biblioteca Nueva,
2002.
|
| Serija: | Ensayos (Biblioteca Nueva (Firm))
|
| Teme: | |
| Online dostop: | Digitalia Hispánica |
| Oznake: |
Označite
Brez oznak, prvi označite!
|
MARC
| LEADER | 00000nam a2200000Ii 4500 | ||
|---|---|---|---|
| 001 | DIGBIN02342 | ||
| 003 | NyNyDIG | ||
| 006 | m o d | ||
| 007 | cr ||||||||||| | ||
| 008 | 100625s2002 sp ob 000 0 spa d | ||
| 020 | |z 8497420306 | ||
| 020 | |z 9788497420303 | ||
| 035 | |a (OCoLC)891684053 | ||
| 040 | |a DGITA |b eng |e pn |c DGITA | ||
| 050 | 1 | 4 | |a JC423 eBook |
| 100 | 1 | |a Tezanos, José Félix, |d 1946- | |
| 245 | 1 | 3 | |a La democracia incompleta : |b el futuro de la democracia postliberal / |c José Félix Tezanos. |
| 264 | 1 | |a Madrid : |b Biblioteca Nueva, |c 2002. | |
| 300 | |a 1 online resource (477 pages) | ||
| 336 | |a text |b txt |2 rdacontent | ||
| 337 | |a computer |b c |2 rdamedia | ||
| 338 | |a online resource |b cr |2 rdacarrier | ||
| 490 | 1 | |a Sociología / [Ensayos] | |
| 504 | |a Includes bibliographical references. | ||
| 650 | 0 | |a Democracy |x Social aspects. | |
| 650 | 0 | |a Liberty |x Social aspects. | |
| 655 | 0 | |a Electronic books. | |
| 791 | 2 | |a Digitalia (Firm), |e distributor. | |
| 830 | 0 | |a Ensayos (Biblioteca Nueva (Firm)) | |
| 793 | 0 | |g Digitalia eBook Collection: |a Biblioteca Nueva | |
| 856 | 4 | 0 | |3 Digitalia Hispánica |u https://digitalia.unach.elogim.com/a/4879/ |
| 910 | |a Premium Collection: 2007-2012 | ||